00630nam a2200193 a 450000500170000000800410001702000180005805000240007610000270010024500780012726000490020530000340025444000110028850000190029952100080031865000320032665000570035870000210041520140310183607.0120625s19uu xx 00 eng d a9780324378832 aHF 5679b.G317 2008 aGelinas, Ulric J., Jr. aAccounting information systems /cUlric J. Gelinas, Jr., Richard B. Dull. aMason, Ohio :bThomson/South-Western,c2008. a658 p. :bill. col. ;c26 cm. a7th ed aIncludes index aBSA aAccountingxData processing aInformation storageand retrieval systemsxAccounting aDull, Richard B.